000 01184nam a2200277 a 4500
001 25935
003 CO-ViMGA
005 20230915232139.0
008 141112s2004 ck r 000 u spa d
015 _ack - 2008 - xxxx
020 _a9789584503855
040 _aCO-ViMGA
_bspa
_cCO-ViMGA
041 _aspa eng
082 0 4 _a658.403 K41a2
100 1 _aKhadem, Riaz.
_948195
245 1 0 _aAdministración en una página :
_bcómo utilizar la información para lograr sus metas /
_cRiaz Khadem, Robert Lorber ; prólogo de Ken Blanchard ; traductor Germán Páez.
250 _aEdición Juan Sebastian Sabogal J.
260 _aBogotá :
_bGrupo Editorial Norma,
_c2008.
300 _axxii, 101 p. : il. ; 22 cm.
650 1 4 _aAdministración de empresas.
_92735
700 1 _aPáez, Germán, 1942 - , tr.
_940469
942 _2ddc
_cBK
949 _an n
999 _c33172
_d33172